Homeschooling / (Record no. 16448)
[ view plain ]
| 000 -LEADER | |
|---|---|
| fixed length control field | 03255cam a2200313 a 4500 |
| 008 - FIXED-LENGTH DATA ELEMENTS--GENERAL INFORMATION | |
| fixed length control field | 091229s2010 miu j b 001 0 eng |
| 010 ## - LIBRARY OF CONGRESS CONTROL NUMBER | |
| LC control number | 2009053379 |
| 020 ## - INTERNATIONAL STANDARD BOOK NUMBER | |
| International Standard Book Number | 9780737749687 (hardcover) |
| 020 ## - INTERNATIONAL STANDARD BOOK NUMBER | |
| International Standard Book Number | 9780737749694 (pbk.) |
| 043 ## - GEOGRAPHIC AREA CODE | |
| Geographic area code | n-us--- |
| 050 00 - LIBRARY OF CONGRESS CALL NUMBER | |
| Classification number | LC40 |
| Item number | .H6412 2010 |
| 245 00 - TITLE STATEMENT | |
| Title | Homeschooling / |
| Statement of responsibility, etc. | Noah Berlatsky, book editor. |
| 260 ## - PUBLICATION, DISTRIBUTION, ETC. (IMPRINT) | |
| Place of publication, distribution, etc. | Detroit : |
| Name of publisher, distributor, etc. | Greenhaven Press, |
| Date of publication, distribution, etc. | c2010. |
| 300 ## - PHYSICAL DESCRIPTION | |
| Extent | 185 p. : |
| Dimensions | 24 cm. |
| 490 1# - SERIES STATEMENT | |
| Series statement | Opposing viewpoints series |
| 504 ## - BIBLIOGRAPHY, ETC. NOTE | |
| Bibliography, etc | Includes bibliographical references (p. 172-175) and index. |
| 520 ## - SUMMARY, ETC. | |
| Summary, etc. | This volume explores the topics relating to homeschooling by presenting varied expert opinions that examine many of the different aspects that comprise these issues. Homeschooling is the education of children at home, typically by parents but sometimes by tutors, rather than in other formal settings of public or private school. The viewpoints are selected from a wide range of highly respected and often hard-to-find sources and publications. Allows the reader to attain the higher-level critical thinking and reading skills that are essential in a culture of diverse and contradictory opinions. |
| 650 #0 - SUBJECT ADDED ENTRY--TOPICAL TERM | |
| Topical term or geographic name as entry element | Home schooling |
| Geographic subdivision | United States |
| Form subdivision | Juvenile literature. |
| 700 1# - ADDED ENTRY--PERSONAL NAME | |
| Personal name | Berlatsky, Noah. |
| 942 ## - ADDED ENTRY ELEMENTS (KOHA) | |
| Source of classification or shelving scheme | |
| Koha item type | Hard Covered Materials |
| Classification part | LC40 .H6412 2010 |
| Withdrawn status | Lost status | Source of classification or shelving scheme | Damaged status | Not for loan | Home library | Current library | Shelving location | Date acquired | Source of acquisition | Total Checkouts | Full call number | Barcode | Date last seen | Price effective from | Koha item type |
|---|---|---|---|---|---|---|---|---|---|---|---|---|---|---|---|
| MACHAKOS UNIVERSITY LIBRARY | MACHAKOS UNIVERSITY LIBRARY | Open shelf | 10/11/2016 | Donation (BFA) | LC40 .H6412 2010 | 24286 | 10/11/2016 | 10/11/2016 | Hard Covered Materials |